Normal view
MARC view
Entry Topical Term
001 - CONTROL NUMBER
- control field: 45853
003 - CONTROL NUMBER IDENTIFIER
- control field: ARRUPE
005 - DATE AND TIME OF LATEST TRANSACTION
- control field: 20190423144932.0
008 - FIXED-LENGTH DATA ELEMENTS
- fixed length control field: 190423|| aca||aabn | a|a d
040 ## - CATALOGING SOURCE
- Original cataloging agency: ARRUPE
- Transcribing agency: ARRUPE
150 ## - HEADING--TOPICAL TERM
- Topical term or geographic name as entry element: Theology, Doctrinal.
670 ## - SOURCE DATA FOUND
- Source citation: Work cat.: (ARRUPE)0: Steenberg, M. C. (Matthew Craig), 1978- 45852, Of God and man :, 2009.